Применение рекуррентной нейронной сети для решения задачи кластеризации; Известия Томского политехнического университета [Известия ТПУ]; Т. 315, № 5: Управление, вычислительная техника и информатика

Bibliographische Detailangaben
Parent link:Известия Томского политехнического университета [Известия ТПУ]/ Томский политехнический университет (ТПУ).— , 2000-
Т. 315, № 5: Управление, вычислительная техника и информатика.— 2009.— [С. 144-149]
1. Verfasser: Стоянов А. К. Александр Кириллович
Zusammenfassung:Заглавие с титульного листа
Электронная версия печатной публикации
Рассматривается рекуррентная нейронная сеть с локальной обратной связью. Показано, что в такой сети нейроны уменьшают энтропию распределения входных сигналов. Это свойство положено в основу создания сети, решающей задачу кластеризацию. Приводятся результаты экспериментальной проверки работы такой сети.
Sprache:Russisch
Veröffentlicht: 2009
Schriftenreihe:Управление, вычислительная техника и информатика
Schlagworte:
Online-Zugang:http://www.lib.tpu.ru/fulltext/v/Bulletin_TPU/2009/v315/i5/29.pdf
Format: MixedMaterials Elektronisch Buchkapitel
KOHA link:https://koha.lib.tpu.ru/cgi-bin/koha/opac-detail.pl?biblionumber=177442

MARC

LEADER 00000nla2a2200000 4500
001 177442
005 20231031165625.0
035 |a (RuTPU)RU\TPU\book\192356 
035 |a RU\TPU\book\192310 
090 |a 177442 
100 |a 20100317d2009 k y0rusy50 ca 
101 0 |a rus 
102 |a RU 
135 |a drnn ---uucaa 
181 0 |a i  
182 0 |a b 
200 1 |a Применение рекуррентной нейронной сети для решения задачи кластеризации  |b Электронный ресурс  |f А. К. Стоянов 
203 |a Текст  |c электронный 
215 |a 1 файл (517 Кб) 
225 1 |a Управление, вычислительная техника и информатика 
230 |a Электронные текстовые данные (1 файл : 517 Кб) 
300 |a Заглавие с титульного листа 
300 |a Электронная версия печатной публикации 
320 |a [Библиогр.: с. 149 (8 назв.)] 
330 |a Рассматривается рекуррентная нейронная сеть с локальной обратной связью. Показано, что в такой сети нейроны уменьшают энтропию распределения входных сигналов. Это свойство положено в основу создания сети, решающей задачу кластеризацию. Приводятся результаты экспериментальной проверки работы такой сети. 
337 |a Adobe Reader 
461 1 |0 (RuTPU)RU\TPU\book\176237  |t Известия Томского политехнического университета [Известия ТПУ]  |f Томский политехнический университет (ТПУ)  |d 2000- 
463 1 |0 (RuTPU)RU\TPU\book\192268  |x 1684-8519  |t Т. 315, № 5: Управление, вычислительная техника и информатика  |v [С. 144-149]  |d 2009  |p 212 с. 
610 1 |a нейроны 
610 1 |a нейронные сети 
610 1 |a точечные отображения 
610 1 |a особые точки 
610 1 |a кластеризация 
610 1 |a энтропия 
610 1 |a труды учёных ТПУ 
610 1 |a электронный ресурс 
700 1 |a Стоянов  |b А. К.  |c специалист в области информатики и вычислительной техники  |c доцент Томского политехнического университета, кандидат технических наук  |c писатель  |f 1946-  |g Александр Кириллович  |2 stltpush  |3 (RuTPU)RU\TPU\pers\13179 
801 1 |a RU  |b 63413507  |c 20090623  |g PSBO 
801 2 |a RU  |b 63413507  |c 20211216  |g PSBO 
856 4 |u http://www.lib.tpu.ru/fulltext/v/Bulletin_TPU/2009/v315/i5/29.pdf 
942 |c CF